Diseño de puestos de trabajo para personas con discapacidad

Zapisane w:
Opis bibliograficzny
Główni autorzy: Fernández-Ríos, Manuel (autor), Rico, Ramón (Autor), Gómez-Jarabo, Gregorio (Autor)
Format: Książka
Język:hiszpański
Wydane: Madrid Ministerio de Trabajo y Asuntos Sociales. Secretaría General de Asuntos Sociales 1998
Wydanie:1a. ed
Seria:Documentos Técnicos, 91
Hasła przedmiotowe:
Etykiety: Dodaj etykietę
Nie ma etykietki, Dołącz pierwszą etykiete!

MARC

LEADER 00000nam a2200000 a 4500
001 UCH9479
003 CL-VaPUC
008 100107e19980000SP |||||||||||||||||spa|d
020 |a 8488986769 
082 0 4 |a 620.82  |b FER  |2 21 
100 |a Fernández-Ríos, Manuel  |e autor  |9 546628 
700 0 |a Rico, Ramón  |e author  |9 546629 
700 0 |a Gómez-Jarabo, Gregorio  |e author  |9 546630 
245 1 0 |a Diseño de puestos de trabajo para personas con discapacidad 
250 |a 1a. ed 
300 |a 380 p 
942 |c BK 
945 |d 20100107 00:00:00  |a dcastane 
260 |a Madrid  |b Ministerio de Trabajo y Asuntos Sociales. Secretaría General de Asuntos Sociales  |c 1998 
650 7 |a ERGONOMIA  |2 CL-VaPUC  |9 357101 
650 7 |a ESTUDIO DEL TRABAJO  |2 CL-VaPUC  |9 358032 
650 7 |a CONDICIONES LABORALES  |2 CL-VaPUC  |9 381428 
650 7 |a ERGONOMIA PARA DISCAPACITADOS  |2 CL-VaPUC  |9 546631 
583 |a last modification  |c 20100107 00:00:00  |k Rodrigo Vera 
490 0 |a Documentos Técnicos, 91 
999 |c 339447  |d 339445 
952 |0 0  |1 0  |4 0  |6 620_820000000000000_FER_1998  |7 0  |8 A  |9 433104  |a BIBEDU  |b BIBEDU  |d 2019-11-22  |i 4632265  |o 620.82 FER 1998  |p 4632265  |r 2019-11-22  |w 2019-11-22  |y BK  |k EDI